000 00717nam a22002057a 4500
005 20240103112607.0
010 _aENG-135785
020 _a9789352836376
_c425.00
035 _aEN-119317
037 _bDBAD/PUB
082 _a657.42
100 _aShukla, M C
_960565
245 _aCost and Management Accounting I:
_bAs per B.Com. CBCS Curriculum, University of Calcutta/
_cBy M C Shukla, T.S. Grewal and M P Gupta
260 _aNew Delhi
_bS Chand And Company Limited
_c2019
270 _a7361, Ram Nagar, Qutab Road
_bNew Delhi
_e110055
_minfo@schandpublishing.com
300 _avp.
_c24cm(pbk)
700 _aGrewal, T S
_960566
700 _aGupta, M P
_960567
942 _2ddc
_cEN
_mSHU
_h657.42
999 _c194128
_d194128